000 00290nam a22001337a 4500
003 SGT
082 _a615.538
_bA17D
100 _aDIWEDEE, MANJARI
245 _aABHINAV PRASUTI TANTRA
260 _aDELHI
_bCHAUKHAMBHA PUB
_c2017
300 _a359
650 _aAYURVEDA
942 _2ddc
_cBK
_01
999 _c11525
_d11525